| 000 | 00425nam a22001217a 4500 | ||
|---|---|---|---|
| 999 |
_c10065 _d10065 |
||
| 003 | OSt | ||
| 008 | 201218b ||||| |||| 00| 0 eng d | ||
| 245 | _aNational Journal of Technology | ||
| 250 | _a2012(Mar Vol.8 No.1) 2013(Mar Vol.9 No.1) 2012(Sep Vol.8 No.3, Dec Vol.8 No.4) | ||
| 260 |
_aCoimbatore, Tamil Nadu _bPSG College of Technology and Polytechnic College |
||
| 650 | _aComputer Science Engineering | ||
| 942 |
_2ddc _cBV |
||